<?xml version="1.0" encoding="UTF-8"?><?xml-stylesheet type="text/xsl" href="static/style.xsl"?><OAI-PMH xmlns="http://www.openarchives.org/OAI/2.0/" xmlns:xsi="http://www.w3.org/2001/XMLSchema-instance" xsi:schemaLocation="http://www.openarchives.org/OAI/2.0/ http://www.openarchives.org/OAI/2.0/OAI-PMH.xsd"><responseDate>2026-04-17T02:27:06Z</responseDate><request verb="GetRecord" identifier="oai:www.recercat.cat:10459.1/64463" metadataPrefix="marc">https://recercat.cat/oai/request</request><GetRecord><record><header><identifier>oai:recercat.cat:10459.1/64463</identifier><datestamp>2024-12-05T21:46:41Z</datestamp><setSpec>com_2072_3622</setSpec><setSpec>col_2072_479130</setSpec></header><metadata><record xmlns="http://www.loc.gov/MARC21/slim" xmlns:dcterms="http://purl.org/dc/terms/" xmlns:xsi="http://www.w3.org/2001/XMLSchema-instance" xmlns:doc="http://www.lyncode.com/xoai" xsi:schemaLocation="http://www.loc.gov/MARC21/slim http://www.loc.gov/standards/marcxml/schema/MARC21slim.xsd">
   <leader>00925njm 22002777a 4500</leader>
   <datafield ind2=" " ind1=" " tag="042">
      <subfield code="a">dc</subfield>
   </datafield>
   <datafield ind2=" " ind1=" " tag="720">
      <subfield code="a">Guilera Lladós, Teresa</subfield>
      <subfield code="e">author</subfield>
   </datafield>
   <datafield ind2=" " ind1=" " tag="260">
      <subfield code="c">2017-12-12T09:43:56Z</subfield>
   </datafield>
   <datafield ind2=" " ind1=" " tag="260">
      <subfield code="c">2017-12-12T09:43:56Z</subfield>
   </datafield>
   <datafield ind2=" " ind1=" " tag="260">
      <subfield code="c">2017-10-30</subfield>
   </datafield>
   <datafield ind2=" " ind1=" " tag="520">
      <subfield code="a">Objectiu: Estudiar l'empatia en estudiants de medicina des d’una perspectiva psicomètrica, biomètrica, d'evolució, i valorar propostes d'assessorament i d’intervenció psico-educativa.&#xd;
&#xd;
Metodologia: Estudi sobre l'empatia i la relació amb l'evolució, sexe, preferència d'especialitat,  personalitat i mesures biomètriques, així com la implementació de propostes d'intervenció.&#xd;
&#xd;
Resultats: Les dones i els estudiants amb preferència d'especialitat orientada a les persones tenien més empatia, que no va disminuir durant el seguiment. El sexe i preferència d'especialitat van modificar la relació entre empatia i personalitat. El dispositiu biomètric eye-tracker va mostrar un patró de mirada diferent en valors extrems d'empatia. La privació sensorial i shadowing patients van permetre identificar i quantificar les diferents emocions experimentades. &#xd;
&#xd;
Conclusions: La majoria dels estudiants tenen un bon nivell d'empatia que es manté durant el seguiment. Proposem combinar diferents escales i dispositius biomètrics en els projectes d'estudi, assessorament i intervenció, especialment en estudiants amb puntuacions extremes d'empatia.</subfield>
   </datafield>
   <datafield ind2=" " ind1=" " tag="520">
      <subfield code="a">Objetivo: Estudiar la empatía en estudiantes de medicina desde una perspectiva psicométrica, biométrica, de evolución, y valorar propuestas de asesoramiento e intervención psicoeducativa. &#xd;
  &#xd;
Metodología: Estudio sobre la empatía y su relación con la evolución, sexo, preferencia de especialidad, personalidad y medidas biométricas, y la valoración de propuestas de intervención. &#xd;
&#xd;
Resultados: Las mujeres y los estudiantes con preferencia de especialidad orientada a las personas tenían mayor empatía, que no disminuyó durante el seguimiento. El sexo y preferencia de especialidad modificaron la relación entre empatía y personalidad. El eye-tracker mostró un patrón de mirada diferente en valores extremos de empatía. La privación sensorial y shadowing patients permitieron identificar y cuantificar las emociones experimentadas.&#xd;
&#xd;
Conclusiones: La mayoría de los estudiantes tienen un buen nivel de empatía que se mantiene durante el seguimiento. Proponemos combinar diferentes escalas y dispositivos biométricos en los proyectos de estudio, asesoramiento e intervención, especialmente en puntuaciones extremas de empatía.</subfield>
   </datafield>
   <datafield ind2=" " ind1=" " tag="520">
      <subfield code="a">Objective:  To study empathy in medical students from a psychometric, biometric, evolution and to carry out assessment and psycho-educational intervention proposals.&#xd;
&#xd;
Method: Study about empathy in relation to its evolution, preference of specialty, personality, and biometric measures, as well as the implementation of intervention proposals.&#xd;
&#xd;
Results: Women and students with a people-oriented specialty preference had higher empathy, that didn’t decrease in the follow up. Gender and specialty preference modified the relationship between empathy and personality. The eye tracker biometric device showed a different eye gaze pattern in extreme scores of empathy. Sensory deprivation and shadowing patients allowed identifying and quantifying the experienced emotions. &#xd;
&#xd;
Conclusions: Most students have a good level of empathy that remains in the follow-up study. hat doesn’t decrease in the follow-up. We propose combining different scales and biometric devices in empathy research projects, and that intervention projects should be part of medical students’ formation, especially in those with extreme empathy scores.</subfield>
   </datafield>
   <datafield ind1="8" ind2=" " tag="024">
      <subfield code="a">http://hdl.handle.net/10459.1/64463</subfield>
   </datafield>
   <datafield tag="653" ind2=" " ind1=" ">
      <subfield code="a">Empatia</subfield>
   </datafield>
   <datafield tag="653" ind2=" " ind1=" ">
      <subfield code="a">Estudiants de medicina</subfield>
   </datafield>
   <datafield tag="653" ind2=" " ind1=" ">
      <subfield code="a">Personalitat</subfield>
   </datafield>
   <datafield tag="653" ind2=" " ind1=" ">
      <subfield code="a">Empatía</subfield>
   </datafield>
   <datafield tag="653" ind2=" " ind1=" ">
      <subfield code="a">Estudiantes de medicina</subfield>
   </datafield>
   <datafield tag="653" ind2=" " ind1=" ">
      <subfield code="a">Personalidad</subfield>
   </datafield>
   <datafield tag="653" ind2=" " ind1=" ">
      <subfield code="a">Empathy</subfield>
   </datafield>
   <datafield tag="653" ind2=" " ind1=" ">
      <subfield code="a">Medical students</subfield>
   </datafield>
   <datafield tag="653" ind2=" " ind1=" ">
      <subfield code="a">Personality</subfield>
   </datafield>
   <datafield tag="653" ind2=" " ind1=" ">
      <subfield code="a">Psiquiatria</subfield>
   </datafield>
   <datafield tag="653" ind2=" " ind1=" ">
      <subfield code="a">616.89</subfield>
   </datafield>
   <datafield ind2="0" ind1="0" tag="245">
      <subfield code="a">Empatía en estudiantes de medicina: estudio psicométrico, biométrico, de evolución y propuestas de intervención psicoeducativa</subfield>
   </datafield>
</record></metadata></record></GetRecord></OAI-PMH>